000 01044cas a22002295 4500
001 L152286
008 110216c2010 xxuqr ws s 0 a0eng u
035 _a(Sirsi) u152286
041 0 _aeng
050 _a333.33 $2 18
110 2 _aGrubb & Ellis
_95905
245 0 0 _aOffice market trends United States
_h[electronic resource]
260 _aSanta Ana
_bGrubb & Ellis
_c2010-
362 0 _aCurrent quarterly report only
490 0 _aOffice Market Trends United States
_vQ3 2010-
520 _aPresents an overview of the US office vacancy rate and details of vacancy rates in over 50 city areas across the United States. Analyses the state of the market and lists asking rental rates. Concludes with a metro spotlight section covering the market on a regional basis.
554 _aFour per year
651 4 _aUnited States
_y1959-
690 _aPROPERTY-COMMERCIAL PROPERTY-COMMERCIAL PROPERTY MARKET
856 4 8 _uhttps://www.grubb-ellis.com/research/Reports.aspx
_zView the report free of charge at www.grubb-ellis.com
942 _n0
999 _c119296
_d119296